Dutyholder responsibilities - Statistics

General Stats
  • This quiz has been taken 24 times
  • The average score is 32 of 45
Answer Stats
Question Tile Select % Correct
What must workers do Complete their daily worldle No
100%
What must workers do Ensure dutyholders have been appointed No
100%
What must workers do Ensure welfare facilities are provided No
100%
How can the principle contractor plan, manage, monitor and coordinate health and safety (they do this during the construction phase). ive ran out of ideas lol No
100%
What must workers do Plan, manage, monitor and coordinate health and safety No
100%
What must workers do Report anything they see which is likely to endanger either their own or others' health and safety Yes
100%
What must workers do Submit a construction phase plan No
100%
What must workers do Take care of their own health and safety and others who may be affected by their actions Yes
100%
What must workers do Be consulted about matters which affect their health, safety and welfare Yes
89%
What must the principle contractor ensure Client is cooperating with designers No
89%
What must workers do Cooperate with their employer, fellow workers, contractors and other dutyholders Yes
89%
What must the principle designers do Ensure principle contractor is appointed No
89%
How can the principle contractor plan, manage, monitor and coordinate health and safety (they do this during the construction phase). Ensure principle designer is appointed No
89%
What must the principle designers do Ensure welfare facilities are provided No
89%
What must the principle contractor ensure Welfare facilities are provided Yes
89%
What must the principle contractor ensure Workers are consulted and engaged in securing their health and safety Yes
89%
What must the principle contractor ensure Workers have completed their daily worldle No
89%
What must the principle designers do Ensure the designers carry out their duties Yes
78%
What must the principle designers do Submit notice if necessary No
78%
What must the principle contractor ensure Suitable site inductions are provided Yes
78%
What must the principle designers do Ensure reasonable steps are taken to prevent unauthorised entry No
67%
What must the principle contractor ensure F10 is completed No
67%
What must the principle designers do Identify, eliminate or control foreseeable risks Yes
67%
What must the principle contractor ensure Notice is submitted No
67%
What must the client ensure Other dutyholders are appointed Yes
67%
What must the principle designers do Plan manage monitor and coordinate health and safety in the pre-construction phase Yes
67%
What must the client ensure Plan, manage, monitor and coordinate health and safety in the pre-construction phase No
67%
What must the client ensure Relevant information is prepared and provided to other dutyholders Yes
67%
What must the principle contractor ensure Risks have been eliminated/controlled in the design No
67%
What must the client ensure Sufficient time and resources are allocated Yes
67%
What must the client ensure Attend regular risk assessment meetings to reduce risks No
56%
How can the principle contractor plan, manage, monitor and coordinate health and safety (they do this during the construction phase). Coordinate the work of contractors Yes
56%
What must the client ensure Prepare the health and safety file No
56%
What must the principle contractor ensure Reasonable steps are taken to prevent unauthorised access Yes
56%
How can the principle contractor plan, manage, monitor and coordinate health and safety (they do this during the construction phase). Submit notice if necessary No
56%
What must the client ensure Suitable site inductions are provided No
56%
How can the principle contractor plan, manage, monitor and coordinate health and safety (they do this during the construction phase). Liaise with the client and principle designer Yes
44%
How can the principle contractor plan, manage, monitor and coordinate health and safety (they do this during the construction phase). Organise cooperation between contractors Yes
44%
What must the principle designers do Prepare and provide relevant information to relevant duty holders Yes
44%
How can the principle contractor plan, manage, monitor and coordinate health and safety (they do this during the construction phase). Prepare the construction phase plan Yes
44%
What must the principle designers do Prepare the construction phase plan No
44%
What must the client ensure The principle designed and principle contractor carry out their duties Yes
44%
What must the client ensure Welfare facilities are provided Yes
44%
How can the principle contractor plan, manage, monitor and coordinate health and safety (they do this during the construction phase). Carry out a site investigation No
33%
How can the principle contractor plan, manage, monitor and coordinate health and safety (they do this during the construction phase). Prepare the health and safety file No
33%
No matching quizzes found
Score Distribution
Percent of People with Each Score
Percentile by Number Answered
Your Score History
You have not taken this quiz